000 01336cam a22003734a 4500
005 20260322212017.0
008 data
010 _a 2003018314
020 _a9780787972400
020 _a0787972401
040 _aDLC
_cDLC
_dYDX
041 0 9 _aeng
042 _anlmcopyc
_anlmcopyc
044 _9United States
050 0 0 _aRC481
_b.D86 2004
060 1 0 _aWM 420.5.N8
_bD911ha 2004
082 0 0 _a616.89/14
_222
100 1 _aDuncan, Barry L.
245 1 4 _aThe heroic client :
_ba revolutionary way to improve effectiveness through client-directed, outcome-informed therapy /
_cBarry L. Duncan, Scott D. Miller & Jacqueline Sparks.
250 _aRev. ed.
260 _aSan Francisco :
_bJossey-Bass,
_cc2004.
300 _axxi, 266 p. :
_bill. ;
_c23 cm.
336 _atext
_btxt
_2rdacontent
337 _aunmediated
_bn
_2rdamedia
338 _avolume
_bnc
_2rdacarrier
500 _a"Rev. paperback ed."--Cover.
504 _aIncludes bibliographical references (p. 229-248) and indexes.
650 1 2 _aPerson-Centered Psychotherapy
_xmethods
_0https://id.nlm.nih.gov/mesh/D009629Q000379
650 2 2 _aPatient Participation
_xmethods
_0https://id.nlm.nih.gov/mesh/D010358Q000379
650 2 2 _aTreatment Outcome
_0https://id.nlm.nih.gov/mesh/D016896
700 1 _aMiller, Scott D.
700 1 _aSparks, Jacqueline.
001 data
999 _c365
_d365